01346nam a2200205 a 4500008004100000020001800041041000800059092001700067100002500084245003400109250004600143260003500189300002200224500007100246505057700317655001700894942001300911999001500924952020100939161215e2006 ag |||g |||| 001 j spa d a9789500427777 aspa c808l10sCAM1 aCamus, Albert.94332 3aEl extranjero /cAlbert Camus a3a ed.bTraducción Bonifacio del Carril aBuenos Aires:bEmecé;c2006. a160 p.c23x14 cm. aCamus, A. (2006). El extranjero. (3a ed.). Buenos Aires : Emecé. aExtranjero en la tierra, extranjero de su mismo, Meursault vive una angustiosa situación. Íntimamente ajero al alcance moral de sus actos, llega al asesinato, a la prisión, al patíbulo, y no hay para él, en este inevitable proceso, ni rebeldía ni esperanza. En estas páginas magistrales el realismo logra la perfección: Meursault nos refiere su historia, no la de sus razones y sentimientos, sino la de su imposible destino. El extranjero ha fundado la fama de Albert Camus, y es su novela capital. Un verdadero clásico de la literatura contemporánea.  aNovela93091 2ddccLIT c3285d3285 00102ddc4070aBFMbBFMcCRd2025-07-25eDonación Navarro, Adriana. Julio 2025l0o808 10 CAMp5060r2025-07-25tEj. 1w2025-07-25yLITzDonación Navarro, Adriana. Julio 2025. Sede Tordos.f